00482cam a2200193 4500001000800000005001700008008004100025010001700066040001800083041000800101043001200109080001900121082001900140100000700159101000800166245007300174350001100247504003000258268210820180215070846.0721017s1972 nyua bs 000 0 eng  a 74161907  aDLCcDLCdDLC aeng an-mx--- a330.972082 GRI00a330.972082 GRI1 a52 aEKO10aMexican monetary policy and economic developmentc[by] B. Griffiths. a$15.00 aBibliography: p. 155-161.